| 000 | 01333cam a22002655a 4500 | ||
|---|---|---|---|
| 999 |
_c26522 _d26494 |
||
| 005 | 20181016140137.0 | ||
| 008 | 110824t2011 stkb frb 001 0 eng | ||
| 020 | _a9780748639878 | ||
| 040 |
_aDLC _beng _cDLC _dEG-ScBUE _dEG-ScBUE |
||
| 043 |
_aaw----- _aff----- _ae-sp--- |
||
| 082 | 0 | 4 |
_a320.557 _bBLA _222 |
| 100 | 1 | _aBlack, Antony. | |
| 245 | 1 | 4 |
_aThe history of Islamic political thought : _bfrom the Prophet to the present / _cAntony Black. |
| 250 | _a2nd ed. | ||
| 260 |
_aEdinburgh : _bEdinburgh University Press, _cc.2011. |
||
| 300 |
_axviii, 380 p. : _bmap ; _c24 cm. |
||
| 504 | _aIncludes bibliographical references (p. [356]-368) and indexes. | ||
| 505 | 0 | _aThe messenger and the law c. 622-1000 -- Religion and state power (din wa dawla) : the Sunni doctrine of the state c. 900-1220 -- The shariʻa and the sword c. 1220-1500 -- Religious ideology and political control in early modern states -- Isalm and the West. | |
| 520 | _aSecond edition of the history of Islamic political thought that traces its roots from early Islam to the current age of Fundamentalism (622 AD to 2010 AD). | ||
| 650 | 7 |
_aIslam and state _xHistory. _2BUEsh |
|
| 650 | 7 |
_aPolitical science _zIslamic Empire _xHistory. _2BUEsh |
|
| 651 | 7 |
_aIslamic Empire _xPolitics and government. _2BUEsh |
|
| 653 |
_bBUSBOL _cOctober2018 |
||
| 942 | _2ddc | ||